000 00715nam a22001937a 4500
999 _c62213
_d62213
005 20240801201824.0
008 240801s1986 en ||||| |||| 00| 0 eng d
020 _q9780192631381 X
041 _aeng
080 _a611.91(075.8) R-75
100 _aRomanes, D. J.
_d Author
_923048
245 _aCunningham's manual of practical anatomy.
_bVolume One Upper and lower limbs /
_cG. J. Romanes
250 _a15th ed
264 _a Oxford :
_b Oxford Univ. Press,
_c1986.
300 _a240 pages.:
_bill;
_c26 cm.
653 _aCunningham's manual of practical anatomy
653 _aპრაქტიკული ანატომიის სახელმძღვანელო
942 _2udc
_cᲬᲘᲒᲜᲘ